• 首页
  • 本馆介绍
  • 公告通知
  • 最新文献
  • 馆藏检索
  • 电子资源
  • 读者导购
  • 参考咨询
  • 我的图书馆
  • 登录
  • 详细信息显示
  • 放入我的书架
  • 预约/预借图书
  • 作者相关作品
  • 分类相关作品
  • 丛书相关作品
  • 出版社相关作品

书目信息

  • 表格格式
  • 工作单格式
  • 卡片格式
题名:
英汉双解简明英语短语动词词典
    
 
作者: 麦克阿瑟(Mcarthur,T.) , 阿特金斯(Atkins,B.) , 邱述德 著
分册:  
出版信息: 北京   外语教学与研究出版社  1987.10
页数: 461页
开本: 19cm
丛书名:
单 册:
中图分类: H314.2-61 , H313.3-61
科图分类:
主题词: 英语-短语-动词--双解词典 , 动词-短语-英语--双解词典 , 双解词典-短语-动词-英语 , 短语-英语-动词--双解词典
电子资源:
ISBN: 7-5600-0218-8
000 01265nam0 2200313 45
001 0188010002
005 20061107153040.07
010    @a7-5600-0218-8@dCNY4.00
020    @aCN@b88010002
100    @a19910415d1987 m y0chiy0120 ea
101 2  @achi@ceng
102    @aCN@b110000
105    @ay e 000yy
200 14 @a英汉双解简明英语短语动词词典@Aying han shuang jie jian ming ying yu duan yu dong ci ci dian@f[英]麦克阿瑟(Mcarthur,T.),[英]阿特金斯(Atkins,B.)著@F[ ying ] mai ke a se (Mcarthur,T.),[ ying ] a te jin si (Atkins,B.) zhu@g邱述德译
210    @a北京@c外语教学与研究出版社@d1987.10
215    @a461页@d19cm
300    @aDictionary of English phrasal verbs and their idioms
540 1  @a英汉双解简明英语短语动词词典@Aying han shuang jie jian ming ying yu duan yu dong ci ci dian
606    @a英语-短语-动词@x双解词典
606    @a动词-短语-英语@x双解词典
606    @a双解词典-短语-动词-英语
606    @a短语-英语-动词@x双解词典
690    @aH314.2-61@v1980
690    @aH313.3-61@v3
701  0 @a麦克阿瑟(Mcarthur,T.)@Amai ke a se (Mcarthur,T.)@4著
701  0 @a阿特金斯(Atkins,B.)@Aa te jin si (Atkins,B.)@4著
701  0 @a邱述德@Aqiu shu de@4译
801  0 @aCN@bTSSF@c20061107
905    @a10447@dH313.3-61@e114
    
    英汉双解简明英语短语动词词典/[英]麦克阿瑟(Mcarthur,T.),[英]阿特金斯(Atkins,B.)著/邱述德译.-北京:外语教学与研究出版社,1987.10
    461页;19cm
    Dictionary of English phrasal verbs and their idioms
    
    ISBN 7-5600-0218-8:CNY4.00
    
●
相关链接 在E读中查询图书 在五车中查询图书 在当当中查询图书 在豆瓣中查询图书


正题名:英汉双解简明英语短语动词词典     索取号:H313.3-61/114         预约/预借

序号 登录号 条形码 馆藏地/架位号 状态 备注
1 0203175   202443276   第二样本阅览室/ [索取号:H313.3-61/114] 在馆    
唐山师范学院图书馆 欢迎您!
大连网信软件有限公司© 版权所有